Maličkosti op. 47 violino 1, violino 2, violoncello ed armonio : partitura e parti /
Uložené v:
| Hlavný autor: | |
|---|---|
| Médium: | Hudobnina |
| Jazyk: | Czech |
| Vydané: |
Praha :
Suparphon,
1988
|
| Vydanie: | 3. vyd. |
| Edícia: | Souborné vydání děl Antonína Dvořáka
|
| Témy: | |
| ISBN: |
(brož.) |
| Fyzický popis: |
26 s. : 3 príl. |
| Tagy: |
Pridať tag
Žiadne tagy, Buďte prvý kto otaguje tento záznam!
|
Titul je dostupný aj v ... 

MARC
| LEADER | 00000ncm a2200000 a 4500 | ||
|---|---|---|---|
| 001 | 000284521 | ||
| 005 | 20061117132620.0 | ||
| 008 | 061117s1988 xr e czeo | ||
| 020 | |a (brož.) | ||
| 040 | |a SVKKK |b slo |c SVKKK |e AACR2 | ||
| 041 | 0 | |a cze | |
| 044 | |a xr |c CZ | ||
| 100 | 1 | |a Dvořák, Antonín, |d 1841-1904 |4 aut | |
| 245 | 1 | 0 | |a Maličkosti op. 47 |h [hudobnina] : |b violino 1, violino 2, violoncello ed armonio : partitura e parti / |c Antonín Dvořák |
| 250 | |a 3. vyd. | ||
| 260 | |a Praha : |b Suparphon, |c 1988 | ||
| 300 | |a 26 s. : |b 3 príl. | ||
| 440 | 0 | |a Souborné vydání děl Antonína Dvořáka | |
| 655 | 7 | |a hudobniny |2 SVKKKPH | |
| 998 | |a BK | ||
| 090 | |g SCKHL |k Sklad Pribinova 3. posch. |a V.144712 |j 783758 |i 2720973818 |s Povinný výt. | ||